| 000 | 01021nam a22002297a 4500 | ||
|---|---|---|---|
| 005 | 20140805105912.0 | ||
| 010 | _aENG-109891-109892 | ||
| 020 |
_c4395.00 (Set of 2 Vols) _a9789351430803 (set) |
||
| 020 |
_c4395.00 (Set of 2 Vols) _a9789351430810 (V.I) |
||
| 020 |
_c4395.00 (Set of 2 Vols) _a9789351430827 (V.II) |
||
| 035 | _aEN-93424-93425 | ||
| 037 | _bDBAD/PUB | ||
| 082 | _a344.54012596 | ||
| 100 | _aDoabia, H.S. | ||
| 245 | 0 | 0 |
_aThe law of services and dismissals : _cby H.S. Doabia _ba commentary on the law relating to public and private servants,including industrial employees, covering dismissal, removal, suspension, reduction in rank, retirement, resignation, increments and salaries / |
| 250 | _a5th ed | ||
| 260 |
_aGurgaon _bLexis Nexis _c2014 |
||
| 270 |
_a14th Floor, Bldg. No.10, Tower-B, DLF Cyber City, Phase-II _bGurgaon _e122002 |
||
| 300 |
_a2 V. (cxci-1912,251p.; ccxxiv,1913-3591,251p.) _c25cm(Hb) |
||
| 500 | _aIncludes index | ||
| 942 |
_2ddc _cEN _mDOA _h344.54012596 |
||
| 999 |
_c83868 _d83868 |
||